[Event "Ulan-Ude Baikal op 13th"]
[Site "Ulan-Ude"]
[Date "2017.07.21"]
[Round "6"]
[White "Namzhilon, Tsyren"]
[Black "Poletaev, Vitaly"]
[Result "0-1"]
[WhiteElo "1653"]
[BlackElo "1970"]
[PlyCount "60"]
[EventDate "2017.07.18"]
[EventType "swiss"]
[EventRounds "9"]
[EventCountry "RUS"]
[SourceTitle "EXT 2018"]
[Source "ChessBase"]
[SourceDate "2017.10.13"]
[SourceVersion "1"]
[SourceVersionDate "2017.10.13"]
[SourceQuality "1"]

1. e4 e6 2. d4 d5 3. Nc3 Bb4 4. Bd2 Bxc3 5. Bxc3 dxe4 6. Qg4 Nf6 7. Qxg7 Rg8 8. Qh6 Rg6 9. Qd2 c6 10. Ne2 Nd5 11. Nf4 Rg4 12. Nxd5 cxd5 13. g3 Qf6 14. 0-0-0 Nc6 15. Kb1 Bd7 16. Be2 Rg5 17. Rdf1 0-0-0 18. f3 exf3 19. Rxf3 Rf5 20. Rhf1 Rxf3 21. Rxf3 Qg7 22. Bb5 f5 23. Ba5 Nxa5 24. Qxa5 Bxb5 25. Qxb5 Qxd4 26. Rc3+ Kb8 27. a4 Qb6 28. Qe2 d4 29. Rb3 Qd6 30. Qh5 Qd7 0-1

[Event "Ulan-Ude Baikal op 13th"]
[Site "Ulan-Ude"]
[Date "2017.07.19"]
[Round "2"]
[White "Danzandorzhiev, Bulat"]
[Black "Poletaev, Vitaly"]
[Result "0-1"]
[WhiteElo "1708"]
[BlackElo "1970"]
[PlyCount "52"]
[EventDate "2017.07.18"]
[EventType "swiss"]
[EventRounds "9"]
[EventCountry "RUS"]
[SourceTitle "EXT 2018"]
[Source "ChessBase"]
[SourceDate "2017.10.13"]
[SourceVersion "1"]
[SourceVersionDate "2017.10.13"]
[SourceQuality "1"]

1. d4 f5 2. c4 g6 3. g3 Bg7 4. Bg2 c6 5. Nc3 Nf6 6. e3 d6 7. b3 0-0 8. Bb2 Qa5 9. a3 e5 10. b4 Qc7 11. d5 e4 12. Rc1 Nbd7 13. Bf1 Ne5 14. Be2 g5 15. f4 gxf4 16. exf4 Neg4 17. Bxg4 Nxg4 18. Qe2 a5 19. b5 a4 20. h3 Nf6 21. bxc6 bxc6 22. Na2 cxd5 23. Bxf6 Bxf6 24. cxd5 Qg7 25. Kf2 Bb2 26. Rc2 Bxa3 0-1

[Event "Uljanovsk Povolje op"]
[Site "Uljanovsk"]
[Date "2014.08.26"]
[Round "1"]
[White "Poletaev, Vitaly"]
[Black "Breskanu, Nikita"]
[Result "1-0"]
[WhiteElo "1948"]
[BlackElo "1636"]
[PlyCount "113"]
[EventDate "2014.08.26"]
[EventType "swiss"]
[EventRounds "9"]
[EventCountry "RUS"]
[SourceTitle "CBM 162 Extra"]
[Source "ChessBase"]
[SourceDate "2014.10.17"]
[SourceVersion "1"]
[SourceVersionDate "2014.10.17"]
[SourceQuality "1"]

1. e4 c6 2. f4 d5 3. e5 Bf5 4. d4 e6 5. Nf3 Nd7 6. Bd3 Ne7 7. 0-0 Bxd3 8. Qxd3 Nf5 9. a4 c5 10. c3 cxd4 11. cxd4 Be7 12. Nc3 g6 13. g4 Ng7 14. Bd2 h5 15. g5 Nf5 16. Rfc1 a6 17. Ne2 0-0 18. Ng3 Nxg3 19. hxg3 Qb6 20. Bc3 Rac8 21. Nh4 Kg7 22. Rf1 Rc4 23. Kh2 Bb4 24. Ng2 Bxc3 25. bxc3 Qc6 26. Ra3 Rxa4 27. Rb3 b5 28. Rf2 Qc4 29. Qb1 Rb8 30. Ne3 Qc6 31. g4 Rh8 32. Kg3 Qc7 33. Rh2 Qd8 34. gxh5 Rxh5 35. Rxh5 gxh5 36. Kh4 Qb8 37. Rb4 Qb6 38. Kxh5 Qc6 39. Rb3 Qc8 40. Ng4 Qc4 41. g6 Ra1 42. Qxa1 fxg6+ 43. Kg5 Qxb3 44. Qxa6 Qb1 45. Qxe6 Qf5+ 46. Qxf5 gxf5 47. Kxf5 Nb6 48. Ke6 Na4 49. Ne3 Nxc3 50. Nc2 Ne2 51. f5 b4 52. f6+ Kf8 53. Nxb4 Nxd4+ 54. Kxd5 Nb5 55. e6 Nc7+ 56. Ke5 Ne8 57. Nd5 1-0

[Event "Izhevsk Corporation Cup 6th"]
[Site "Izhevsk"]
[Date "2014.07.20"]
[Round "8"]
[White "Poletaev, Vitaly"]
[Black "Muksimova, Oksana"]
[Result "1-0"]
[WhiteElo "1989"]
[BlackElo "1844"]
[PlyCount "69"]
[EventDate "2014.07.12"]
[EventType "swiss"]
[EventRounds "9"]
[EventCountry "RUS"]
[SourceTitle "CBM 161 Extra"]
[Source "ChessBase"]
[SourceDate "2014.08.29"]
[SourceVersion "1"]
[SourceVersionDate "2014.08.29"]
[SourceQuality "1"]

1. Nf3 Nf6 2. b3 d5 3. Bb2 e6 4. e3 c5 5. Bb5+ Bd7 6. a4 a6 7. Be2 Nc6 8. h3 Be7 9. g4 Rg8 10. d3 Bc8 11. Nbd2 Nd7 12. h4 Bf6 13. c3 h6 14. e4 d4 15. cxd4 Nxd4 16. Nxd4 Bxd4 17. Bxd4 cxd4 18. Nc4 Nb6 19. a5 Nxc4 20. bxc4 e5 21. Qb3 Qc7 22. Qb4 g6 23. Rb1 Rb8 24. Bd1 Kd8 25. f3 Bd7 26. Rh2 Re8 27. Rhb2 Bc6 28. Qd2 h5 29. Rb6 hxg4 30. fxg4 Re6 31. Qb4 Qe7 32. g5 Kc7 33. Qb2 Rh8 34. Rxb7+ Bxb7 35. Qxb7+ 1-0

[Event "Izhevsk Corporation Cup 6th"]
[Site "Izhevsk"]
[Date "2014.07.18"]
[Round "6"]
[White "Ivanov, Nikolay A"]
[Black "Poletaev, Vitaly"]
[Result "1/2-1/2"]
[WhiteElo "1960"]
[BlackElo "1989"]
[PlyCount "71"]
[EventDate "2014.07.12"]
[EventType "swiss"]
[EventRounds "9"]
[EventCountry "RUS"]
[SourceTitle "CBM 161 Extra"]
[Source "ChessBase"]
[SourceDate "2014.08.29"]
[SourceVersion "1"]
[SourceVersionDate "2014.08.29"]
[SourceQuality "1"]

1. d4 Nf6 2. Nf3 d5 3. c4 c6 4. Nc3 g6 5. Bf4 Bg7 6. e3 0-0 7. h3 dxc4 8. Bxc4 b5 9. Bd3 Nd5 10. Nxd5 cxd5 11. 0-0 a6 12. Rc1 Nd7 13. Bc7 Qe8 14. Qb3 Nf6 15. Be5 Be6 16. Rc7 Nd7 17. Bxg7 Kxg7 18. Rfc1 Qd8 19. Qb4 Re8 20. b3 h6 21. Qc3 Nf8 22. Qc6 Rc8 23. Ne5 Rxc7 24. Qxc7 Qa8 25. Rc5 f6 26. Nf3 Kf7 27. Qa5 Rc8 28. Qc3 Bd7 29. Qc2 Rxc5 30. Qxc5 Qb7 31. b4 g5 32. Nd2 h5 33. Nb3 g4 34. h4 Qc8 35. Qc2 Qc6 36. Nc5 1/2-1/2

[Event "Izhevsk Corporation Cup 6th"]
[Site "Izhevsk"]
[Date "2014.07.16"]
[Round "5"]
[White "Poletaev, Vitaly"]
[Black "Fucito, Giovanni"]
[Result "1/2-1/2"]
[WhiteElo "1989"]
[BlackElo "1801"]
[PlyCount "44"]
[EventDate "2014.07.12"]
[EventType "swiss"]
[EventRounds "9"]
[EventCountry "RUS"]
[SourceTitle "CBM 161 Extra"]
[Source "ChessBase"]
[SourceDate "2014.08.29"]
[SourceVersion "1"]
[SourceVersionDate "2014.08.29"]
[SourceQuality "1"]

1. e4 c5 2. f4 d5 3. Bb5+ Bd7 4. Bxd7+ Qxd7 5. e5 Nc6 6. d3 Nh6 7. Nf3 g6 8. Nc3 Bg7 9. 0-0 0-0 10. Ne2 Rac8 11. c3 b5 12. d4 c4 13. h3 f6 14. Ng3 Nf5 15. Nxf5 Qxf5 16. g4 Qd7 17. Qe1 e6 18. Qh4 fxe5 19. Nxe5 Nxe5 20. Rf2 Qe7 21. Qg3 Kh8 22. Rg2 Rg8 1/2-1/2

[Event "Lazarevskoe op"]
[Site "Lazarevskoe"]
[Date "2014.06.22"]
[Round "?"]
[White "Poletaev, Vitaly"]
[Black "Bedia, Melor"]
[Result "0-1"]
[WhiteElo "1989"]
[BlackElo "2461"]
[PlyCount "68"]
[EventDate "2014.06.14"]
[EventType "swiss"]
[EventRounds "9"]
[EventCountry "RUS"]
[SourceTitle "EXT 2015"]
[Source "ChessBase"]
[SourceDate "2014.11.20"]
[SourceVersion "1"]
[SourceVersionDate "2014.11.20"]
[SourceQuality "1"]

1. e4 e6 2. d4 d5 3. Nc3 Nf6 4. Bg5 Bb4 5. e5 h6 6. exf6 hxg5 7. fxg7 Rg8 8. Nge2 Qf6 9. g3 Nc6 10. Bg2 Bxc3+ 11. bxc3 Bd7 12. 0-0 0-0-0 13. f4 g4 14. Nc1 Qxg7 15. Nb3 Rh8 16. Qe2 Rh6 17. Rf2 Rdh8 18. Bf1 Ne7 19. Rb1 Nf5 20. Rg2 Nd6 21. Nc5 Bc6 22. Nb3 Bb5 23. Qe1 Bxf1 24. Qxf1 Qh7 25. Qe2 Ne4 26. Rb2 Nxc3 27. Qd2 Ne4 28. Qe2 Nd6 29. Na5 b6 30. Qa6+ Kd7 31. Nb7 Rxh2 32. c3 Rxg2+ 33. Rxg2 Qh1+ 34. Kf2 Ne4+ 0-1

[Event "Lazarevskoe op"]
[Site "Lazarevskoe"]
[Date "2014.06.21"]
[Round "?"]
[White "Bukanov, Sergei"]
[Black "Poletaev, Vitaly"]
[Result "1-0"]
[WhiteElo "2296"]
[BlackElo "1989"]
[PlyCount "67"]
[EventDate "2014.06.14"]
[EventType "swiss"]
[EventRounds "9"]
[EventCountry "RUS"]
[SourceTitle "EXT 2015"]
[Source "ChessBase"]
[SourceDate "2014.11.20"]
[SourceVersion "1"]
[SourceVersionDate "2014.11.20"]
[SourceQuality "1"]

1. b3 g6 2. Bb2 Nf6 3. Bxf6 exf6 4. c4 Bg7 5. Nc3 0-0 6. Nf3 f5 7. d4 c5 8. e3 Nc6 9. Qd2 cxd4 10. exd4 g5 11. 0-0-0 g4 12. Ne5 d6 13. Nxc6 bxc6 14. h3 Qh4 15. Kb1 g3 16. fxg3 Qxg3 17. h4 f4 18. Ne4 Bf5 19. Bd3 Bxe4 20. Bxe4 d5 21. Bf5 Bh6 22. Rh3 Qg7 23. cxd5 cxd5 24. Qd3 Rae8 25. g4 f6 26. g5 fxg5 27. Bxh7+ Kh8 28. hxg5 Qxg5 29. Qg6 Qxg6+ 30. Bxg6 Re6 31. Rg1 f3 32. Rxh6+ Kg7 33. Rh7+ Kf6 34. Bd3 1-0

[Event "Izhevsk Corporation Cup 5th"]
[Site "Izhevsk"]
[Date "2013.07.19"]
[Round "8"]
[White "Poletaev, Vitaly"]
[Black "Chizhikov, Vladislav"]
[Result "0-1"]
[WhiteElo "1999"]
[BlackElo "2246"]
[PlyCount "94"]
[EventDate "2013.07.11"]
[EventType "swiss"]
[EventRounds "9"]
[EventCountry "RUS"]
[SourceTitle "EXT 2014"]
[Source "ChessBase"]
[SourceDate "2013.11.20"]
[SourceVersion "1"]
[SourceVersionDate "2013.11.20"]
[SourceQuality "1"]

1. e4 c5 2. f4 d5 3. exd5 Qxd5 4. Qf3 Nf6 5. Nc3 Qe6+ 6. Qe3 a6 7. Be2 Qxe3 8. dxe3 Nc6 9. Nf3 Bf5 10. Bd3 Bxd3 11. cxd3 Rd8 12. Ke2 e6 13. Rg1 h5 14. Bd2 Nb4 15. Ne1 h4 16. Ne4 Nc6 17. Nxf6+ gxf6 18. Bc3 Be7 19. Nf3 b5 20. a3 Rh5 21. g4 hxg3 22. Rxg3 a5 23. Rg8+ Kd7 24. Rxd8+ Bxd8 25. Rg1 b4 26. Bd2 Rh8 27. Rg7 Ke7 28. Rg1 f5 29. Rc1 Kd6 30. axb4 cxb4 31. e4 Bb6 32. Rc4 fxe4 33. dxe4 f5 34. Kf1 fxe4 35. Rxe4 Kd5 36. Re2 Nd4 37. Re5+ Kc4 38. Re4 Kd3 39. Re3+ Kc2 40. Nxd4+ Bxd4 41. Re2 Kb3 42. Kg2 Bxb2 43. Rxe6 a4 44. f5 a3 45. Ra6 Bc3 46. Bg5 a2 47. Be7 a1Q 0-1

[Event "Izhevsk Corporation Cup-A 4th"]
[Site "Izhevsk"]
[Date "2012.07.16"]
[Round "2"]
[White "Poletaev, Vitaly"]
[Black "Vaseptsov, Maxim"]
[Result "0-1"]
[WhiteElo "2053"]
[BlackElo "2223"]
[PlyCount "104"]
[EventDate "2012.07.15"]
[EventType "swiss"]
[EventRounds "9"]
[EventCountry "RUS"]
[SourceTitle "EXT 2013"]
[Source "ChessBase"]
[SourceDate "2012.11.22"]
[SourceVersion "1"]
[SourceVersionDate "2012.11.22"]
[SourceQuality "1"]

1. e4 c5 2. f4 d5 3. Bb5+ Bd7 4. Bxd7+ Qxd7 5. exd5 Nf6 6. Nc3 Nxd5 7. Nxd5 Qxd5 8. Qf3 e6 9. Qxd5 exd5 10. d3 Nc6 11. Bd2 Be7 12. Nf3 Bf6 13. 0-0-0 Kd7 14. g4 h5 15. g5 Be7 16. c3 Bd6 17. Kc2 b5 18. Nh4 Rhe8 19. Rde1 a5 20. Nf5 Bf8 21. Ne3 d4 22. Nd1 a4 23. Rxe8 Rxe8 24. Re1 Rxe1 25. Bxe1 Ke6 26. Nf2 Kf5 27. Bd2 Ne7 28. Ne4 Nd5 29. Ng3+ Kg4 30. cxd4 cxd4 31. Ne2 Bc5 32. Kd1 Kh3 33. Ke1 Kg2 34. Ng3 g6 35. f5 Bd6 36. Ne2 Bxh2 37. Nxd4 Be5 38. fxg6 fxg6 39. Nc2 h4 40. Ke2 Bg3 41. Nd4 h3 42. Nf3 h2 43. Nxh2 Bxh2 44. d4 Bg1 45. Kd3 Kf3 46. b3 axb3 47. axb3 Bh2 48. Ba5 Bf4 49. Bd8 Bd6 50. Ba5 Nf4+ 51. Kc3 Ke4 52. Bb6 Nd5+ 0-1

[Event "Uljanovsk Povolje op"]
[Site "Uljanovsk"]
[Date "2011.08.28"]
[Round "6"]
[White "Poletaev, Vitaly"]
[Black "Gabunov, Fail"]
[Result "1-0"]
[WhiteElo "2051"]
[BlackElo "1872"]
[PlyCount "123"]
[EventDate "2011.08.25"]
[EventType "swiss"]
[EventRounds "9"]
[EventCountry "RUS"]
[SourceTitle "CBM 144 Extra"]
[Source "ChessBase"]
[SourceDate "2011.10.28"]
[SourceVersion "1"]
[SourceVersionDate "2011.10.28"]
[SourceQuality "1"]

1. e4 e5 2. Bc4 Nf6 3. d3 Be7 4. Ne2 Nc6 5. c3 0-0 6. h3 d5 7. exd5 Nxd5 8. b4 a6 9. Bd2 Bf5 10. Ng3 Bg6 11. Qf3 Nf6 12. Bg5 Qd7 13. Bxf6 Bxf6 14. 0-0 Rad8 15. Ne4 Be7 16. a4 Kh8 17. Na3 f5 18. Ng3 Bf6 19. b5 Na5 20. bxa6 Nxc4 21. dxc4 e4 22. Qf4 bxa6 23. Nc2 Bxc3 24. Ra3 Bf6 25. Ra2 Qe7 26. Nxf5 Qe5 27. Qxe5 Bxe5 28. Ne7 Bf7 29. Ne3 Bd4 30. N3d5 c5 31. Re2 Bxd5 32. Nxd5 Rb8 33. a5 Rb2 34. Rxb2 Bxb2 35. Nc7 Bd4 36. g3 Rf3 37. Kg2 Ra3 38. Nxa6 Ra2 39. Kh1 Rxa5 40. Nc7 Ra2 41. Kg1 Rc2 42. Ne6 Rxc4 43. Rb1 h5 44. Ng5 Rb4 45. Re1 Bc3 46. Rxe4 Rxe4 47. Nxe4 Bd4 48. Kf1 Kg8 49. Ke2 Kf7 50. Kd3 Ke6 51. Kc4 Ke5 52. f3 Bg1 53. h4 Kf5 54. Nxc5 Bxc5 55. Kxc5 g5 56. hxg5 Kxg5 57. Kd4 h4 58. gxh4+ Kxh4 59. f4 Kh5 60. f5 Kh6 61. Ke5 Kg7 62. Ke6 1-0

[Event "Izhevsk Corporation Cup-A 3rd"]
[Site "Izhevsk"]
[Date "2011.07.24"]
[Round "9"]
[White "Poletaev, Vitaly"]
[Black "Ipatov, Alexander"]
[Result "1/2-1/2"]
[WhiteElo "2051"]
[BlackElo "2092"]
[PlyCount "144"]
[EventDate "2011.07.15"]
[EventType "swiss"]
[EventRounds "9"]
[EventCountry "RUS"]
[SourceTitle "CBM 143 Extra"]
[Source "ChessBase"]
[SourceDate "2011.08.29"]
[SourceVersion "1"]
[SourceVersionDate "2011.08.29"]
[SourceQuality "1"]

1. e4 e6 2. d4 d5 3. Bd3 Nf6 4. Bg5 dxe4 5. Bxe4 Be7 6. Bxf6 Bxf6 7. c3 Nd7 8. Nf3 c5 9. 0-0 0-0 10. Na3 cxd4 11. Nxd4 e5 12. Nb3 a5 13. Qc2 g6 14. Rad1 Be7 15. Nc4 a4 16. Nc1 Qc7 17. Ne3 Nf6 18. Nd5 Nxd5 19. Bxd5 Bf5 20. Qe2 Kh8 21. Rfe1 f6 22. h3 Rfd8 23. a3 Ra6 24. Bc4 Rad6 25. Rxd6 Qxd6 26. g4 Be6 27. Bxe6 Qxe6 28. Nd3 Qd5 29. Nb4 Qd2 30. Kg2 Bc5 31. Nc2 b6 32. h4 h6 33. Kf1 Qf4 34. Ne3 Bxe3 35. Qxe3 Qxg4 36. Qe4 Qh3+ 37. Ke2 Kh7 38. Rg1 Rg8 39. Qxa4 Qe6 40. Rd1 h5 41. Qd7+ Qxd7 42. Rxd7+ Rg7 43. Rd6 Rf7 44. a4 g5 45. Rxb6 Kg6 46. a5 gxh4 47. Kf3 Kf5 48. Rb4 Ra7 49. Rxh4 Rxa5 50. Rxh5+ Ke6 51. Rh4 Kd5 52. Ke3 f5 53. Kd3 e4+ 54. Kc2 Ra1 55. Rh8 Rf1 56. Rd8+ Kc6 57. Rd2 f4 58. b4 f3 59. Kb3 Re1 60. Kc4 Re2 61. Rd4 Rxf2 62. Rxe4 Re2 63. Rf4 f2 64. Kd3 Rb2 65. Kc4 Re2 66. Rf6+ Kd7 67. b5 Ke7 68. Rf3 Kd6 69. Kd4 Rd2+ 70. Ke3 Rb2 71. c4 Kc5 72. Rf4 f1Q 1/2-1/2

[Event "Izhevsk Corporation Cup-A 3rd"]
[Site "Izhevsk"]
[Date "2011.07.18"]
[Round "4"]
[White "Poletaev, Vitaly"]
[Black "Aseeva, Anastasia"]
[Result "1/2-1/2"]
[WhiteElo "2051"]
[BlackElo "1947"]
[PlyCount "127"]
[EventDate "2011.07.15"]
[EventType "swiss"]
[EventRounds "9"]
[EventCountry "RUS"]
[SourceTitle "CBM 143 Extra"]
[Source "ChessBase"]
[SourceDate "2011.08.29"]
[SourceVersion "1"]
[SourceVersionDate "2011.08.29"]
[SourceQuality "1"]

1. e4 c6 2. f4 d5 3. e5 e6 4. Nf3 c5 5. Bb5+ Bd7 6. a4 a6 7. Be2 Nc6 8. 0-0 Qb6 9. d3 Nh6 10. Nc3 Be7 11. h3 Nf5 12. Kh2 h5 13. Bd2 f6 14. a5 Qc7 15. Na4 Kf7 16. Nb6 Rag8 17. c4 d4 18. Nxd7 Qxd7 19. Qe1 h4 20. Bd1 Qc7 21. Ba4 Nd8 22. b4 g5 23. bxc5 g4 24. hxg4 Rxg4 25. exf6 Bxf6 26. Ne5+ Bxe5 27. fxe5 Ke7 28. Rxf5 exf5 29. Bd1 Rg7 30. Bf3 Kd7 31. Rb1 Kc8 32. Bf4 Nc6 33. Rb6 Rg6 34. Kh1 h3 35. g3 Qd7 36. Bd5 Re8 37. Qb1 Re7 38. Kh2 Qe8 39. Qf1 Nd8 40. Qxh3 Rxb6 41. cxb6 Qg6 42. Kg1 Rh7 43. Qg2 Ne6 44. Bxe6+ Qxe6 45. Qd5 Qxd5 46. cxd5 Kd7 47. Kg2 Rh8 48. e6+ Ke7 49. Bc7 Rg8 50. Kf3 Kf6 51. Ke2 Rh8 52. Kf2 Re8 53. Kg2 Rh8 54. Kf3 Rg8 55. Bd6 Rd8 56. e7 Rg8 57. Bb4 Ke5 58. d6 Ke6 59. Bc5 Kd7 60. Kf4 Ke6 61. Kf3 Kd7 62. Bb4 Ke6 63. Bc5 Kd7 64. Kf4 1/2-1/2

[Event "Gornozavodsk op"]
[Site "Gornozavodsk"]
[Date "2010.11.01"]
[Round "2"]
[White "Shumilov, Kirill"]
[Black "Poletaev, Vitaly"]
[Result "1-0"]
[WhiteElo "2196"]
[BlackElo "2078"]
[PlyCount "125"]
[EventDate "2010.11.01"]
[EventType "swiss"]
[EventRounds "10"]
[EventCountry "RUS"]
[SourceTitle "EXT 2012"]
[Source "ChessBase"]
[SourceDate "2011.11.24"]
[SourceVersion "1"]
[SourceVersionDate "2011.11.24"]
[SourceQuality "1"]

1. c4 e5 2. Nc3 f5 3. e4 d6 4. d4 exd4 5. Qxd4 Nc6 6. Qe3 Be7 7. Bd3 Ne5 8. Bc2 Nf6 9. b3 f4 10. Qe2 g5 11. h4 Bg4 12. f3 Nh5 13. Qd2 Ng3 14. Rh2 Be6 15. hxg5 Bxg5 16. Bb2 Qd7 17. 0-0-0 0-0-0 18. Nce2 Qf7 19. Nh3 Bxh3 20. Rxh3 Rhg8 21. Bd4 Nxe2+ 22. Qxe2 Nc6 23. Bb2 Bf6 24. e5 Bxe5 25. Bxh7 Rg7 26. Qc2 Rf8 27. a3 Qf6 28. Rd2 a5 29. Rh5 Qe7 30. Be4 Bxb2+ 31. Qxb2 Ne5 32. c5 Kb8 33. Qc3 Qf7 34. Rf5 Qe7 35. Rxf8+ Qxf8 36. cxd6 cxd6 37. Qxa5 Rc7+ 38. Rc2 Rxc2+ 39. Kxc2 Qc8+ 40. Qc3 Qe6 41. Qd4 Nd7 42. Qd5 Qxd5 43. Bxd5 Nf6 44. Bf7 Kc7 45. Kd3 Kc6 46. Kd4 Kb5 47. Bd5 Kb6 48. b4 Kc7 49. a4 Kb6 50. a5+ Kc7 51. b5 b6 52. a6 Kb8 53. Bf7 Ka7 54. Kd3 Nd7 55. Bc4 Nf6 56. Ke2 Nh5 57. Be6 Kb8 58. Bf7 Nf6 59. Kf2 Ka7 60. g3 Nd7 61. gxf4 Nf6 62. Ke3 Nd7 63. Ke4 1-0

[Event "PriFR-ch Seniors"]
[Site "Izhevsk"]
[Date "2010.03.21"]
[Round "9"]
[White "Fedoseev, Vladimir"]
[Black "Poletaev, Vitaly"]
[Result "1/2-1/2"]
[WhiteElo "2186"]
[BlackElo "2092"]
[PlyCount "105"]
[EventDate "2010.03.13"]
[EventType "swiss"]
[EventRounds "9"]
[EventCountry "RUS"]
[SourceTitle "EXT 2012"]
[Source "ChessBase"]
[SourceDate "2011.11.24"]
[SourceVersion "1"]
[SourceVersionDate "2011.11.24"]
[SourceQuality "1"]

1. d4 Nf6 2. Nf3 b6 3. Bf4 Bb7 4. e3 e6 5. Nbd2 Be7 6. h3 d6 7. Bd3 Nbd7 8. e4 c5 9. c3 h6 10. 0-0 g5 11. Bg3 g4 12. hxg4 Nxg4 13. Nc4 Qc7 14. dxc5 Nxc5 15. Nd4 Nxd3 16. Qxd3 Ba6 17. b3 Bxc4 18. bxc4 Rc8 19. Nb5 Qxc4 20. Nxd6+ Bxd6 21. Qxd6 Qc5 22. Qf4 Qg5 23. Qd6 Qc5 24. Qd1 Rg8 25. Qa4+ b5 26. Qb4 Ne3 27. Qxc5 Rxc5 28. Rfc1 h5 29. a4 h4 30. axb5 hxg3 31. fxe3 Rg4 32. Rxa7 Rxb5 33. c4 Rh5 34. Rb1 Kf8 35. Rb8+ Kg7 36. Rbb7 Rxe4 37. Rxf7+ Kg6 38. Rg7+ Kf6 39. Raf7+ Ke5 40. Rxg3 Rxc4 41. Rg6 Kd6 42. Rf4 Rc1+ 43. Kf2 Rhh1 44. Re4 Rc2+ 45. Kg3 Rg1 46. Kh2 Re1 47. Rgxe6+ Kd7 48. Ra6 Rc5 49. Kg3 Rf5 50. Kg4 Rf2 51. g3 Rfe2 52. Kf3 Rb2 53. Rh4 1/2-1/2

[Event "PriFR-ch Seniors"]
[Site "Izhevsk"]
[Date "2010.03.13"]
[Round "1"]
[White "Filipenko, Alexander V"]
[Black "Poletaev, Vitaly"]
[Result "1/2-1/2"]
[WhiteElo "2354"]
[BlackElo "2092"]
[PlyCount "162"]
[EventDate "2010.03.13"]
[EventType "swiss"]
[EventRounds "9"]
[EventCountry "RUS"]
[SourceTitle "EXT 2012"]
[Source "ChessBase"]
[SourceDate "2011.11.24"]
[SourceVersion "1"]
[SourceVersionDate "2011.11.24"]
[SourceQuality "1"]

1. e4 g6 2. d4 d6 3. Nc3 Bg7 4. Bg5 c6 5. Qd2 Bd7 6. f4 b5 7. Nf3 a5 8. Bd3 Na6 9. a3 Qb6 10. Ne2 c5 11. c3 Bg4 12. 0-0 Bxf3 13. Rxf3 cxd4 14. cxd4 Bxd4+ 15. Nxd4 Qxd4+ 16. Kh1 Kf8 17. Qxa5 Kg7 18. Bxb5 Qxb2 19. Raf1 Nc7 20. Qxc7 Qxb5 21. f5 Qc5 22. Qxc5 dxc5 23. fxg6 f6 24. gxh7 Rxh7 25. Bc1 Rh5 26. Rf5 Rxf5 27. exf5 Nh6 28. h3 Nf7 29. Rf2 Nd6 30. g4 Ra4 31. Rc2 Ne4 32. Kg2 c4 33. Re2 c3 34. Kf3 Nd2+ 35. Bxd2 cxd2 36. Rxd2 Rxa3+ 37. Kg2 Re3 38. Rd7 Kf7 39. Ra7 Rb3 40. Ra2 Re3 41. Rb2 Kg7 42. Rb7 Kf7 43. Rb6 Ra3 44. Re6 Rb3 45. Re4 Ra3 46. Rf4 Re3 47. Rf3 Re1 48. Kg3 Rg1+ 49. Kh4 Ra1 50. Re3 Ra8 51. Kg3 Ra1 52. Rb3 Rc1 53. Re3 Ra1 54. Kf4 Ra4+ 55. Kf3 Ra1 56. Kg3 Rb1 57. Kh4 Rb8 58. g5 fxg5+ 59. Kxg5 Rg8+ 60. Kf4 Rh8 61. Ra3 Kf6 62. Ra6+ Kf7 63. Ra3 Kf6 64. Ra6+ Kf7 65. Kg4 Rg8+ 66. Kh4 Rh8+ 67. Kg4 Rg8+ 68. Kf4 Rh8 69. Ra3 Kf6 70. Re3 Rh4+ 71. Kg3 Rh7 72. Kg4 Rg7+ 73. Kf4 Rh7 74. Re6+ Kf7 75. Re3 Kf6 76. Re6+ Kf7 77. Kg4 Rg7+ 78. Kh5 Rh7+ 79. Kg4 Rg7+ 80. Kf4 Rh7 81. Re3 Kf6 1/2-1/2